LIBRARY & INFORMATION CENTRE, KCAET, TAVANUR

ONLINE PUBLIC ACCESS CATALOGUE (OPAC)

Umakeralam / (Record no. 4029)

MARC details
000 -LEADER
fixed length control field 00445cam a2200181ua 4500
041 ## - LANGUAGE CODE
Language code of text/sound track or separate title mal
082 ## - DEWEY DECIMAL CLASSIFICATION NUMBER
Classification number 894.8121
Item number PAR/UM
100 ## - MAIN ENTRY--AUTHOR NAME
Personal name Parameswara Aiyer, Ullur.
245 ## - TITLE STATEMENT
Title Umakeralam /
250 ## - EDITION STATEMENT
Edition statement 1 /
260 ## - PUBLICATION, DISTRIBUTION, ETC. (IMPRINT)
Place of publication Ullur :
Name of publisher Ullur Publishers ,
Year of publication 1971.
300 ## - PHYSICAL DESCRIPTION
Number of Pages 58 ; .
942 ## - ADDED ENTRY ELEMENTS (KOHA)
Koha item type Books
Holdings
Withdrawn status Lost status Damaged status Home library Current library Date acquired Full call number Accession Number Koha item type
      KAUAET KAUAET 07/04/2012 894.8121 13235 Books
Withdrawn     KAUAET KAUAET 27/01/2021 894.8121 PAR/UM 4298 Books
free website counter